000 00783cam a2200265 4500500
005 20260329003642.0
041 _afre
042 _adc
100 1 0 _aDennehy, Myriam
_eauthor
245 0 0 _aGayatri C. Spivak: “Je m’engage pour les subalternes sur le terrain”
260 _c2016.
500 _a7
690 _aCapitalisme
690 _aChantal Mouffe
690 _aDémocratie
690 _aGayatri Spivak
690 _aJacques Rancière
690 _aphilo
690 _aphilosophie
690 _aPolitique
690 _aSlavoj Žižek
690 _aZizek
786 0 _nPhilosophie magazine | 100 | 6 | 2016-06-01 | p. 35-35 | 1951-1787
856 4 1 _uhttps://shs.cairn.info/magazine-philosophie-magazine-2016-6-page-35?lang=fr&redirect-ssocas=7080
999 _c1826426
_d1826426